Perspectives in Sociology (Record no. 13790)
[ view plain ]
| 000 -LEADER | |
|---|---|
| fixed length control field | 00521nam a2200217Ia 4500 |
| 003 - CONTROL NUMBER IDENTIFIER | |
| control field | 0100 |
| 008 - FIXED-LENGTH DATA ELEMENTS--GENERAL INFORMATION | |
| fixed length control field | 130303s9999 xx 000 0 und d |
| 020 ## - INTERNATIONAL STANDARD BOOK NUMBER | |
| International Standard Book Number | 415159792 |
| 040 ## - CATALOGING SOURCE | |
| Transcribing agency | ARRUPELIB |
| 050 ## - LIBRARY OF CONGRESS CALL NUMBER | |
| Classification number | HM66.C84 1998 |
| 300 ## - PHYSICAL DESCRIPTION | |
| Other physical details | 25cm. |
| 100 ## - MAIN ENTRY--PERSONAL NAME | |
| Personal name | Cuff, E. C |
| 245 ## - TITLE STATEMENT | |
| Title | Perspectives in Sociology |
| 250 ## - EDITION STATEMENT | |
| Edition statement | 4th |
| 260 ## - PUBLICATION, DISTRIBUTION, ETC. (IMPRINT) | |
| Place of publication, distribution, etc | London |
| 260 ## - PUBLICATION, DISTRIBUTION, ETC. (IMPRINT) | |
| Name of publisher, distributor, etc | Routledge |
| 260 ## - PUBLICATION, DISTRIBUTION, ETC. (IMPRINT) | |
| -- | 1998 |
| 300 ## - PHYSICAL DESCRIPTION | |
| Extent | 362p. |
| 700 ## - ADDED ENTRY--PERSONAL NAME | |
| Personal name | E. C. Cuff W. W. Sharrock, and D.W. Francis , Sharrock, W.W.Francis, D.W |
| 942 00 - ADDED ENTRY ELEMENTS (KOHA) | |
| Koha issues (borrowed), all copies | 5 |
| Withdrawn status | Lost status | Source of classification or shelving scheme | Damaged status | Not for loan | Collection code | Home library | Current library | Shelving location | Date acquired | Total Checkouts | Full call number | Barcode | Date last seen | Date checked out | Copy number | Price effective from | Koha item type |
|---|---|---|---|---|---|---|---|---|---|---|---|---|---|---|---|---|---|
| Library of Congress Classification | Main Collection | ARRUPE LIBRARY | ARRUPE LIBRARY | 04/03/2013 | 7 | HM66.C84 1998 | 46003015624 | 01/06/2020 | 11/03/2020 | 1 | 04/03/2013 | Monograph ( Printed materials) |